[Event "Elit(Upsala-Rockaden,Sthlm)"]
[Site "?"]
[Date "2014.01.18"]
[Round "4"]
[White "Andersson, Fredrik"]
[Black "Blomqvist, Erik"]
[Result "1/2-1/2"]
[WhiteElo "2346"]
[BlackElo "2580"]
[PlyCount "59"]

1. d4 d5 2. c4 c6 3. Nc3 Nf6 4. e3 Bf5 5. cxd5 cxd5 6. Qb3 Nc6 7. Nf3 Rb8 8.
Ne5 e6 9. Bb5 Nd7 10. Nxd7 Qxd7 11. Bd2 Bd6 12. Rc1 O-O 13. Na4 Qd8 14. O-O Qh4
15. f4 Rfc8 16. Nc5 Qe7 17. Bd3 Bxd3 18. Qxd3 Rc7 19. Rc2 Rbc8 20. Rfc1 Nb8 21.
Qb3 h6 22. Nd3 Rxc2 23. Rxc2 Rxc2 24. Qxc2 Nc6 25. a3 Qc7 26. Bb4 Bxb4 27. Nxb4
Qa5 28. Nd3 Qb5 29. Ne5 Nxe5 30. fxe5 1/2-1/2

[Event "Elit(Upsala-Rockaden,Sthlm)"]
[Site "?"]
[Date "2014.01.18"]
[Round "4"]
[White "Barkhagen, Jonas"]
[Black "Glimbrant, Torbjorn"]
[Result "1-0"]
[WhiteElo "2483"]
[BlackElo "2336"]
[PlyCount "101"]
[EventDate "2014.??.??"]

1. d4 Nf6 2. c4 e6 3. Nc3 d5 4. Bg5 Be7 5. e3 O-O 6. Nf3 h6 7. Bh4 b6 8. Be2
Bb7 9. Bxf6 Bxf6 10. cxd5 exd5 11. b4 c6 12. O-O a5 13. b5 c5 14. Ne5 cxd4 15.
exd4 Bxe5 16. dxe5 d4 17. Na4 Qg5 18. Bg4 Qxe5 19. Nxb6 Ra7 20. Rb1 f5 21. Be2
Be4 22. Bd3 Nd7 23. Qb3+ Kh8 24. Nxd7 Rxd7 25. Rfe1 Qf4 26. f3 Bd5 27. Qa3 Rf6
28. Qc1 Qd6 29. Re8+ Kh7 30. b6 Bf7 31. Re2 Rb7 32. Reb2 Qd8 33. Qc5 Qd5 34.
Qxd5 Bxd5 35. a3 Bc6 36. Kf2 g6 37. Rc1 Kg7 38. Ba6 Rb8 39. b7 d3 40. Rb6 d2
41. Rd1 Rd6 42. Bb5 Bxf3 43. Rxd6 Bxd1 44. Ba6 Bc2 45. Rxd2 Be4 46. Rd7+ Kf6
47. Rc7 Kg5 48. Rc8 Rxb7 49. Bxb7 Bxb7 50. Rc5 a4 51. Rc4 1-0

[Event "Elit(Upsala-Rockaden,Sthlm)"]
[Site "?"]
[Date "2014.01.18"]
[Round "4"]
[White "Malm Lindberg, Henrik"]
[Black "Hedman, Erik"]
[Result "1/2-1/2"]
[WhiteElo "2274"]
[BlackElo "2445"]
[PlyCount "63"]

1. e4 c5 2. Nf3 d6 3. d4 cxd4 4. Nxd4 Nf6 5. Nc3 a6 6. Be2 e5 7. Nb3 Be7 8. O-O
O-O 9. Re1 Be6 10. Bf3 Nbd7 11. a4 Rc8 12. a5 Rc4 13. Nd5 Nxd5 14. exd5 Bf5 15.
c3 Bg6 16. Nd2 Rc5 17. Qa4 Rc7 18. Nb3 f5 19. Be3 Bg5 20. Bxg5 Qxg5 21. Qb4 Qf6
22. Rad1 Bf7 23. Nd2 Rfc8 24. c4 g5 25. Qa3 g4 26. Be2 Kh8 27. b4 e4 28. Nb3
Rg8 29. Nd4 Ne5 30. c5 Rd7 31. c6 bxc6 32. dxc6 1/2-1/2

[Event "Elit(Upsala-Rockaden,Sthlm)"]
[Site "?"]
[Date "2014.01.18"]
[Round "4"]
[White "Engqvist, Thomas"]
[Black "Burwick, Malte"]
[Result "1/2-1/2"]
[WhiteElo "2428"]
[BlackElo "2294"]
[PlyCount "56"]

1. c4 Nf6 2. Nc3 g6 3. e4 d6 4. d4 Bg7 5. Nf3 O-O 6. Be2 e5 7. d5 a5 8. Bg5 h6
9. Bh4 Qe8 10. Nd2 Na6 11. O-O h5 12. f3 Nh7 13. Rb1 Bh6 14. Bf2 Qe7 15. Nb3 b6
16. a3 Bd7 17. Nc1 Nc5 18. b4 axb4 19. axb4 Na4 20. N1a2 Nxc3 21. Nxc3 Ra3 22.
Qc2 h4 23. Ra1 Rfa8 24. Rxa3 Rxa3 25. Qb2 Ra8 26. Ra1 Rxa1+ 27. Qxa1 Bd2 28.
Qb2 Qg5 1/2-1/2

[Event "Elit(Upsala-Rockaden,Sthlm)"]
[Site "?"]
[Date "2014.01.18"]
[Round "4"]
[White "Johansson, Thomas"]
[Black "Karlsson, Lars"]
[Result "0-1"]
[WhiteElo "2232"]
[BlackElo "2456"]
[PlyCount "93"]

1. e4 c5 2. c3 d6 3. d4 Nf6 4. Bd3 Nc6 5. Nf3 g6 6. O-O Bg7 7. h3 O-O 8. d5 Nb8
9. c4 e5 10. dxe6 Bxe6 11. Nc3 Nc6 12. Bg5 Qb6 13. b3 Nd7 14. Rc1 Nd4 15. Nxd4
cxd4 16. Na4 Qc6 17. f4 f5 18. Qf3 Rae8 19. Rce1 a6 20. Re2 b5 21. cxb5 axb5
22. Nb2 Nc5 23. exf5 Bd5 24. Qf2 gxf5 25. Rxe8 Qxe8 26. Re1 Ne4 27. Qf1 Bc6 28.
Re2 Qg6 29. Rc2 Nc3 30. a4 bxa4 31. Nxa4 Rb8 32. Nxc3 dxc3 33. Qd1 Kh8 34. Re2
h6 35. Bh4 Bf3 36. Re8+ Rxe8 37. Qxf3 Re4 38. g4 d5 39. Bf2 Qc6 40. Bc2 d4 41.
Kg2 Re6 42. gxf5 Qxf3+ 43. Kxf3 Re8 44. b4 Bf6 45. b5 Rb8 46. Ke4 Rxb5 47. Bg3
0-1

[Event "Elit(Upsala-Rockaden,Sthlm)"]
[Site "?"]
[Date "2014.01.18"]
[Round "4"]
[White "Lokander, Martin"]
[Black "Marttala, Thomas"]
[Result "1-0"]
[WhiteElo "2331"]
[BlackElo "2227"]
[PlyCount "67"]

1. d4 d5 2. c4 Bf5 3. cxd5 Bxb1 4. Qa4+ c6 5. Rxb1 Qxd5 6. Nf3 Nd7 7. b4 Ngf6
8. e3 e6 9. Qc2 a6 10. Bc4 Qh5 11. O-O Be7 12. e4 O-O 13. Be2 Qg6 14. Bd3 Qh5
15. Be2 Qg6 16. Bd3 Qh5 17. Bf4 h6 18. Rb3 Ne8 19. h3 g5 20. Bc1 Ng7 21. Re1 e5
22. dxe5 Rfe8 23. Bb2 Bf8 24. Nh2 Ne6 25. Ng4 Bg7 26. Nf6+ Bxf6 27. exf6 Nf4
28. e5 Nxf6 29. e6 N6d5 30. e7 Nxd3 31. Rxd3 Qg6 32. Qd2 Rxe7 33. Rxe7 Nxe7 34.
Rd8+ 1-0

[Event "Elit(Upsala-Rockaden,Sthlm)"]
[Site "?"]
[Date "2014.01.18"]
[Round "4"]
[White "Johansson, Carl Fredrik"]
[Black "Bryntze, Stefan"]
[Result "0-1"]
[WhiteElo "2224"]
[BlackElo "2308"]
[PlyCount "70"]

1. d4 e6 2. c4 f5 3. Nf3 Nf6 4. g3 Bb4+ 5. Bd2 Bxd2+ 6. Qxd2 b6 7. Bg2 Bb7 8.
d5 exd5 9. Nh4 Ne4 10. Qd4 O-O 11. cxd5 c5 12. dxc6 Nxc6 13. Qd5+ Kh8 14. O-O
Qf6 15. Nc3 Nxc3 16. bxc3 Na5 17. Qxd7 Rad8 18. Qb5 Qxc3 19. Bxb7 Nxb7 20. Qa6
Qc7 21. Rac1 Nc5 22. Qc4 f4 23. g4 Qe7 24. Nf3 Rd6 25. h3 Re6 26. Rc2 Re4 27.
Qd5 Rd8 28. Qh5 g6 29. Qh6 Kg8 30. Kg2 Ne6 31. Rfc1 Qb7 32. Kf1 Rxe2 33. Rxe2
Qxf3 34. Rxe6 Qh1+ 35. Ke2 f3+ 0-1

[Event "Elit(Team Viking-Burgsvik)"]
[Site "?"]
[Date "2014.01.18"]
[Round "4"]
[White "Fries Nielsen, Jens Ove"]
[Black "Agrest, Evgenij"]
[Result "1/2-1/2"]
[WhiteElo "2486"]
[BlackElo "2684"]
[PlyCount "53"]

1. e4 c6 2. Nc3 d5 3. exd5 cxd5 4. d4 a6 5. Bf4 Nf6 6. Nf3 Bg4 7. h3 Bxf3 8.
Qxf3 Nc6 9. Ne2 e6 10. c3 Qb6 11. Rb1 Rc8 12. Qd3 Na5 13. Ng3 Bd6 14. Bxd6 Qxd6
15. Be2 h5 16. Qe3 h4 17. Nf1 Nc4 18. Bxc4 dxc4 19. Nd2 Qd5 20. O-O Qf5 21.
Rfe1 Nd5 22. Qf3 Qxf3 23. Nxf3 Rc6 24. Ne5 Rc7 25. Nf3 Rc6 26. Ne5 Rc7 27. Nf3
1/2-1/2

[Event "Elit(Team Viking-Burgsvik)"]
[Site "?"]
[Date "2014.01.18"]
[Round "4"]
[White "Berg, Emanuel"]
[Black "Krupenski, Juri"]
[Result "1-0"]
[WhiteElo "2560"]
[BlackElo "2357"]
[PlyCount "115"]

1. e4 c5 2. d4 cxd4 3. c3 d3 4. Bxd3 g6 5. Nf3 d6 6. h3 Bg7 7. O-O Nf6 8. Be3
O-O 9. c4 Nc6 10. Nc3 Nd7 11. Rc1 Nde5 12. Be2 b6 13. Nd4 Bb7 14. Qd2 Rc8 15.
b3 Nd7 16. Nxc6 Bxc6 17. Bh6 Bxh6 18. Qxh6 Nc5 19. Qe3 e5 20. f4 exf4 21. Qxf4
Qe7 22. Rcd1 Nxe4 23. Nxe4 Qxe4 24. Qxe4 Bxe4 25. Rxd6 Rfd8 26. Rfd1 Rxd6 27.
Rxd6 Rc7 28. b4 Kf8 29. Kf2 Ke7 30. Rd4 f5 31. Bf3 Bxf3 32. Kxf3 g5 33. Ke3 Ke6
34. Kd3 Ke5 35. g3 Rf7 36. Rd5+ Ke6 37. Kd4 f4 38. Rxg5 f3 39. Re5+ Kd6 40. Re1
f2 41. Rf1 Rf3 42. g4 Rf4+ 43. Ke3 Rxc4 44. Kxf2 Rxb4 45. Kg3 Rb2 46. Rf6+ Ke7
47. Rh6 Rxa2 48. Rxh7+ Kf6 49. Kh4 b5 50. Rb7 a6 51. Kh5 Ke5 52. g5 Kd4 53. g6
Kc4 54. Rb6 Rg2 55. Rxa6 b4 56. Rc6+ Kd5 57. Rb6 Kc5 58. Rb8 1-0

[Event "Elit(Team Viking-Burgsvik)"]
[Site "?"]
[Date "2014.01.18"]
[Round "4"]
[White "Andersson, Tommy"]
[Black "Cramling, Pia"]
[Result "0-1"]
[WhiteElo "2416"]
[BlackElo "2530"]
[PlyCount "130"]

1. d4 Nf6 2. c4 e6 3. Nf3 b6 4. g3 Bb7 5. Bg2 g6 6. O-O Bg7 7. b3 O-O 8. Bb2 d5
9. Nbd2 Nbd7 10. Rc1 c5 11. e3 Rc8 12. Qe2 Qe7 13. Rfd1 Rfd8 14. h3 cxd4 15.
exd4 Bh6 16. cxd5 Bxd5 17. Rxc8 Rxc8 18. Qd3 Qd6 19. Ne1 Bxg2 20. Nxg2 Nd5 21.
a3 N7f6 22. Rc1 Rxc1+ 23. Bxc1 Qc6 24. Bb2 b5 25. f4 Nb6 26. Ne1 Bg7 27. Qc2
Qd7 28. Nef3 Qc8 29. Qd3 a6 30. Ne5 Nbd5 31. Kf2 Qc7 32. Ke1 h6 33. Ne4 Nxe4
34. Qxe4 h5 35. h4 a5 36. Qe2 Qb7 37. Kd2 Ne7 38. Qf2 Nf5 39. Nf3 Qd5 40. Kc2
a4 41. bxa4 bxa4 42. Kb1 Qe4+ 43. Ka1 Qd3 44. Ka2 Bf8 45. d5 Qxd5+ 46. Ka1 Qd1+
47. Ka2 Qb3+ 48. Ka1 Bxa3 49. Be5 Bb4 50. Ng5 Bc3+ 51. Bxc3 Qxc3+ 52. Ka2 Qb3+
53. Ka1 Qc3+ 54. Ka2 Nd4 55. Qb2 Qxb2+ 56. Kxb2 Ne2 57. Ne4 Kf8 58. Ka3 f5 59.
Ng5 Ke7 60. Kxa4 Nxg3 61. Kb4 Ne2 62. Nh3 Kd6 63. Kc4 e5 64. fxe5+ Kxe5 65. Ng5
Nf4 0-1

[Event "Elit(Team Viking-Burgsvik)"]
[Site "?"]
[Date "2014.01.18"]
[Round "4"]
[White "Westerberg, Jonathan"]
[Black "Fries Nielsen, Niels J"]
[Result "0-1"]
[WhiteElo "2476"]
[BlackElo "2411"]
[PlyCount "78"]

1. d4 Nf6 2. Nf3 d6 3. Bf4 Nbd7 4. e3 c6 5. c4 Qa5+ 6. Qd2 Qxd2+ 7. Nbxd2 Nh5
8. Bg3 Nxg3 9. hxg3 g6 10. g4 Bg7 11. g5 h6 12. gxh6 Rxh6 13. Rxh6 Bxh6 14. g4
Bg7 15. g5 b6 16. O-O-O Bb7 17. Bh3 O-O-O 18. c5 Rh8 19. Bg4 Kc7 20. cxd6+ exd6
21. Nc4 Ba6 22. b3 d5 23. Nce5 Nxe5 24. Nxe5 Bxe5 25. dxe5 Rh2 26. e4 Rxf2 27.
exd5 cxd5 28. e6 fxe6 29. Bxe6 Bb7 30. Rd2 Rf1+ 31. Kb2 Kd6 32. Bg8 Rf5 33. Rh2
d4 34. Rh7 Be4 35. Rxa7 Rf2+ 36. Ka3 d3 37. Bf7 d2 38. Be8 Bf5 39. Ra8 Kc7 0-1

[Event "Elit(Team Viking-Burgsvik)"]
[Site "?"]
[Date "2014.01.18"]
[Round "4"]
[White "Tuvesson, Mats"]
[Black "Lindberg, Bo"]
[Result "0-1"]
[WhiteElo "2209"]
[BlackElo "2492"]
[PlyCount "70"]

1. d4 Nf6 2. c4 g6 3. Nc3 d5 4. cxd5 Nxd5 5. e4 Nxc3 6. bxc3 Bg7 7. Bc4 c5 8.
Ne2 O-O 9. O-O Nc6 10. Be3 e6 11. Rb1 cxd4 12. cxd4 b6 13. Bb5 Bb7 14. Qa4 Na5
15. f3 a6 16. Bd3 Nc6 17. Qb3 b5 18. Qb2 Qd7 19. Rfd1 Rfd8 20. e5 Rac8 21. Bg5
Re8 22. Be4 Rc7 23. Ng3 h6 24. Be3 Rd8 25. Qe2 Qe7 26. f4 Nb4 27. Bxb7 Rxb7 28.
Ne4 Nd5 29. Bd2 Qa3 30. Bc1 Qa5 31. Nc5 Rc7 32. Bd2 Qxa2 33. Qe4 b4 34. Bxb4
Nxb4 35. Rxb4 Rxc5 0-1

[Event "Elit(Team Viking-Burgsvik)"]
[Site "?"]
[Date "2014.01.18"]
[Round "4"]
[White "Bellon Lopez, Juan"]
[Black "Andersson, Bjorn"]
[Result "1-0"]
[WhiteElo "2428"]
[BlackElo "2290"]
[PlyCount "59"]

1. d4 c5 2. e3 b6 3. Nf3 Bb7 4. Bd3 e6 5. O-O f5 6. c4 Nf6 7. Nc3 Ne4 8. Bxe4
fxe4 9. Nd2 cxd4 10. exd4 Bd6 11. Qh5+ g6 12. Qg4 Nc6 13. Ndxe4 Be7 14. d5 Ne5
15. Qe2 O-O 16. Bh6 Rf5 17. Ng3 Nf7 18. Nxf5 exf5 19. Bf4 Bf6 20. Nb5 d6 21.
Rad1 a6 22. Nd4 g5 23. Bc1 Bxd4 24. Rxd4 Qf6 25. Rdd1 Ne5 26. f4 gxf4 27. Bxf4
Re8 28. Rde1 Re7 29. Bxe5 dxe5 30. Qg4+ 1-0

[Event "Elit(Team Viking-Burgsvik)"]
[Site "?"]
[Date "2014.01.18"]
[Round "4"]
[White "Packalen, Marcus"]
[Black "Sagit, Rauan"]
[Result "0-1"]
[WhiteElo "2206"]
[BlackElo "2430"]
[PlyCount "68"]

1. e4 c5 2. Nf3 d6 3. d4 cxd4 4. Nxd4 Nf6 5. Nc3 a6 6. f4 e6 7. Qf3 Qb6 8. Nb3
Qc7 9. Bd3 Nbd7 10. g4 h6 11. Bd2 b5 12. O-O-O Bb7 13. a3 Nc5 14. Kb1 Nfd7 15.
Rhe1 Be7 16. Qg3 Nxd3 17. cxd3 Nc5 18. Nxc5 dxc5 19. f5 Qxg3 20. hxg3 O-O-O 21.
Bf4 Bc6 22. Be5 f6 23. Bf4 e5 24. Be3 h5 25. gxh5 Rxh5 26. b3 Rh2 27. Ne2 Kc7
28. Rd2 Kb7 29. Kb2 c4 30. bxc4 bxc4 31. dxc4 Rxd2+ 32. Bxd2 Bxe4 33. Kb3 Bf3
34. Nd4 Rxd2 0-1

[Event "Elit(Team Viking-Burgsvik)"]
[Site "?"]
[Date "2014.01.18"]
[Round "4"]
[White "Vaarala, Eric"]
[Black "Larsson, Victor"]
[Result "1/2-1/2"]
[WhiteElo "2369"]
[BlackElo "2249"]
[PlyCount "28"]

1. c4 c5 2. Nf3 Nc6 3. d4 cxd4 4. Nxd4 g6 5. Nc3 Bg7 6. Nc2 Nf6 7. e4 d6 8. Be2
Nd7 9. O-O Nc5 10. f3 O-O 11. Be3 Bxc3 12. bxc3 Qa5 13. Bd2 Be6 14. Nd4 Ne5
1/2-1/2

[Event "Elit(Limhamn-LASK)"]
[Site "?"]
[Date "2014.01.18"]
[Round "4"]
[White "Grandelius, Nils"]
[Black "Hector, Jonny"]
[Result "1-0"]
[WhiteElo "2642"]
[BlackElo "2582"]
[PlyCount "71"]

1. e4 e5 2. Nf3 Nc6 3. Bb5 a6 4. Ba4 Nf6 5. O-O Be7 6. d3 d6 7. c3 Bg4 8. Nbd2
Nd7 9. Re1 Nc5 10. h3 Bh5 11. Bxc6+ bxc6 12. d4 Nd3 13. Re3 Nf4 14. Nf1 f6 15.
Ng3 Bf7 16. Re1 Ne6 17. Be3 Qb8 18. Nf5 Bf8 19. Qd2 Qb7 20. Rad1 O-O-O 21. d5
Nc5 22. Bxc5 cxd5 23. exd5 dxc5 24. c4 g6 25. Ng3 Be7 26. Ne4 g5 27. Qe3 Qb4
28. Nexg5 Bg6 29. Ne6 Rdg8 30. b3 Bc2 31. Rc1 Bf5 32. Nxe5 fxe5 33. Qxe5 Bd6
34. Qxf5 Kb7 35. Qc2 Rg6 36. Qc3 1-0

[Event "Elit(Limhamn-LASK)"]
[Site "?"]
[Date "2014.01.18"]
[Round "4"]
[White "Ahlander, Bjorn"]
[Black "Hillarp Persson, Tiger"]
[Result "1/2-1/2"]
[WhiteElo "2521"]
[BlackElo "2620"]
[PlyCount "115"]

1. c4 g6 2. Nc3 Bg7 3. d4 d6 4. e4 e5 5. dxe5 dxe5 6. Qxd8+ Kxd8 7. f4 Be6 8.
Nf3 Nd7 9. Ng5 Ne7 10. g3 Nc6 11. Be3 Nd4 12. O-O-O h6 13. Nxe6+ fxe6 14. fxe5
Nc6 15. Bh3 Re8 16. b3 Ncxe5 17. Ne2 g5 18. Nd4 g4 19. Bf1 a6 20. h3 c5 21. Ne2
Ke7 22. Nf4 Rec8 23. Nh5 Bf8 24. Be2 gxh3 25. Rxh3 b5 26. g4 Nf7 27. cxb5 axb5
28. Bxb5 Nde5 29. Kb1 Ng5 30. Bf4 Rcb8 31. Bxe5 Rxb5 32. Bf6+ Ke8 33. Bxg5 hxg5
34. Nf6+ Kf7 35. Nd7 Bg7 36. Rf3+ Ke7 37. e5 Rd8 38. Rdf1 c4 39. Rf7+ Ke8 40.
Rxg7 Rxd7 41. Rg8+ Ke7 42. Rxg5 cxb3 43. axb3 Rxb3+ 44. Kc2 Re3 45. Rh1 Re2+
46. Kc3 Re3+ 47. Kc4 Re4+ 48. Kc3 Re3+ 49. Kc2 Re2+ 50. Kc1 Rdd2 51. Rh7+ Kf8
52. Rh8+ Kf7 53. Rh7+ Kf8 54. Rc7 Ra2 55. Rc8+ Kf7 56. Rc7+ Kf8 57. Rc8+ Kf7
58. Rc7+ 1/2-1/2

[Event "Elit(Limhamn-LASK)"]
[Site "?"]
[Date "2014.01.18"]
[Round "4"]
[White "Smith, Axel"]
[Black "Johansson, Linus"]
[Result "1-0"]
[WhiteElo "2544"]
[BlackElo "2425"]
[PlyCount "79"]

1. d4 Nf6 2. c4 e6 3. g3 c5 4. Nf3 cxd4 5. Nxd4 Qb6 6. Bg2 Bc5 7. e3 Nc6 8. O-O
Nxd4 9. exd4 Bxd4 10. Nc3 e5 11. Nb5 Bc5 12. Rb1 a5 13. Bg5 d6 14. Bxf6 gxf6
15. a3 a4 16. Nc3 Qb3 17. Qe2 Be6 18. Bd5 f5 19. Rbc1 Qb6 20. Qh5 O-O 21. g4
fxg4 22. Ne4 Bxd5 23. Nf6+ Kg7 24. Qg5+ Kh8 25. Qf5 Kg7 26. Qg5+ Kh8 27. Qf5
Kg7 28. cxd5 Rg8 29. Qg5+ Kh8 30. Nxg8 Rxg8 31. Qf6+ Rg7 32. Rc4 Kg8 33. Rxa4
h5 34. Ra8+ Kh7 35. Qf5+ Rg6 36. Qxf7+ Kh6 37. Qf5 Kh7 38. Qxh5+ Kg7 39. Qh8+
Kf7 40. Qf8# 1-0

[Event "Elit(Limhamn-LASK)"]
[Site "?"]
[Date "2014.01.18"]
[Round "4"]
[White "Brynell, Stellan"]
[Black "Tikkanen, Hans"]
[Result "0-1"]
[WhiteElo "2549"]
[BlackElo "2631"]
[PlyCount "118"]

1. d4 e6 2. c4 Nf6 3. Nf3 b6 4. Nc3 Bb4 5. e3 Bb7 6. Bd3 Ne4 7. Qc2 f5 8. O-O
Nxc3 9. bxc3 Bxf3 10. gxf3 Bd6 11. e4 Qh4 12. e5 Be7 13. Kh1 Bg5 14. Rg1 Bxc1
15. Qxc1 O-O 16. Qg5 Qxg5 17. Rxg5 Nc6 18. f4 Ne7 19. Kg2 Rac8 20. Kf3 c5 21.
Rgg1 Rfd8 22. Rgd1 d6 23. Be2 dxe5 24. fxe5 Nc6 25. Ke3 g5 26. Rac1 Rd7 27.
dxc5 Nxe5 28. cxb6 axb6 29. Rxd7 Nxd7 30. Rd1 Rc7 31. Rd6 Kf7 32. c5 Nxc5 33.
Rxb6 Na4 34. Ra6 Nxc3 35. Bd3 Nd5+ 36. Kd2 Nb4 37. Ra4 Nxd3 38. Kxd3 h5 39. Ra8
Kf6 40. Ke2 h4 41. a4 Ke5 42. a5 Rc2+ 43. Kf1 h3 44. a6 Ra2 45. a7 g4 46. Ke1
Kf4 47. Re8 Rxa7 48. Rxe6 Ra1+ 49. Ke2 Rh1 50. Ra6 Rxh2 51. Ra4+ Kg5 52. Ra8
Rh1 53. Rh8 Kf4 54. Rh7 Ra1 55. Rh5 Ra5 56. Kf1 Ra1+ 57. Ke2 Rb1 58. Kd2 Kf3
59. Rxf5+ Kg2 0-1

[Event "Elit(Limhamn-LASK)"]
[Site "?"]
[Date "2014.01.18"]
[Round "4"]
[White "Skytte Hagen, Andreas"]
[Black "Jepson, Christian"]
[Result "0-1"]
[WhiteElo "2500"]
[BlackElo "2471"]
[PlyCount "68"]

1. e4 e5 2. Nf3 Nc6 3. Bb5 a6 4. Ba4 Nf6 5. O-O Be7 6. d3 b5 7. Bb3 d6 8. a4
Bd7 9. c3 O-O 10. Bc2 Re8 11. Re1 h6 12. Nbd2 Bf8 13. h3 d5 14. exd5 Nxd5 15.
Bb3 Be6 16. axb5 axb5 17. Rxa8 Qxa8 18. c4 Nf4 19. cxb5 Nb4 20. Bxe6 Rxe6 21.
Nb3 Nbxd3 22. Rf1 Rg6 23. Bxf4 Nxf4 24. g3 Rd6 25. Nbd2 Nxh3+ 26. Kh2 e4 27.
Ne5 Ng5 28. Qe2 Qd5 29. Ndc4 Nf3+ 30. Nxf3 exf3 31. Qc2 Qh5+ 32. Kg1 Qh3 33.
Ne3 Rd5 34. g4 Bd6 0-1

[Event "Elit(Limhamn-LASK)"]
[Site "?"]
[Date "2014.01.18"]
[Round "4"]
[White "Schneider, Stefan"]
[Black "Semcesen, Daniel"]
[Result "0-1"]
[WhiteElo "2423"]
[BlackElo "2535"]
[PlyCount "126"]

1. d4 d5 2. c4 dxc4 3. e3 e5 4. Bxc4 exd4 5. exd4 Bd6 6. Nf3 Nf6 7. O-O O-O 8.
h3 Nc6 9. Nc3 h6 10. a3 Bf5 11. Re1 Re8 12. Rxe8+ Qxe8 13. Nb5 Be4 14. Nxd6
cxd6 15. Bf4 Bxf3 16. Qxf3 d5 17. Bf1 Nxd4 18. Qc3 Ne6 19. Be5 Ne4 20. Qb4 Qc6
21. Qe1 Re8 22. Rc1 Qb6 23. Qe3 Qxe3 24. fxe3 a6 25. b4 Nd2 26. Bb2 Nxf1 27.
Kxf1 f6 28. h4 h5 29. Kf2 Kf7 30. Kf3 Re7 31. Rc8 Rc7 32. Rb8 Kg6 33. g4 hxg4+
34. Kxg4 Rc4+ 35. Bd4 Nxd4 36. h5+ Kh7 37. exd4 Rxd4+ 38. Kf5 Rh4 39. Rxb7
Rxh5+ 40. Kg4 Re5 41. Rb6 a5 42. b5 Re3 43. Rd6 Kg6 44. Rxd5 Rxa3 45. Kf4 Rb3
46. b6 Rxb6 47. Rxa5 Rb4+ 48. Kf3 f5 49. Ra7 Kf6 50. Rc7 g6 51. Rc6+ Kg5 52.
Kg3 Rb3+ 53. Kg2 f4 54. Rc2 Kg4 55. Ra2 g5 56. Rc2 Rg3+ 57. Kh2 Rh3+ 58. Kg1 f3
59. Ra2 Rh8 60. Rb2 Re8 61. Rb5 Re2 62. Ra5 Kf4 63. Ra4+ Kg3 0-1

[Event "Elit(Limhamn-LASK)"]
[Site "?"]
[Date "2014.01.18"]
[Round "4"]
[White "Olsson, Linus"]
[Black "Lindgren, Philip"]
[Result "0-1"]
[WhiteElo "2334"]
[BlackElo "2413"]
[PlyCount "70"]

1. Nf3 d5 2. d4 Nf6 3. c4 c6 4. Nc3 e6 5. cxd5 exd5 6. Qc2 Be7 7. Bg5 g6 8. e3
Bf5 9. Bd3 Bxd3 10. Qxd3 Nbd7 11. O-O O-O 12. Rab1 a5 13. Rfc1 Re8 14. h3 Ne4
15. Bxe7 Qxe7 16. a3 Nd6 17. Nd2 a4 18. Qc2 Nb6 19. Re1 f5 20. Re2 Qf6 21. Rbe1
Re7 22. Qd3 Rae8 23. f3 Kg7 24. e4 dxe4 25. fxe4 fxe4 26. Ndxe4 Nxe4 27. Rxe4
Rxe4 28. Rxe4 Rd8 29. Qd1 Rf8 30. Qe1 Rf7 31. Qg3 Nc4 32. Qf3 Qxf3 33. gxf3 Nd2
34. Rg4 h5 35. Rg2 Nxf3+ 0-1

[Event "Elit(Limhamn-LASK)"]
[Site "?"]
[Date "2014.01.18"]
[Round "4"]
[White "Penalver, Osmani"]
[Black "Nilsson, Sebastian"]
[Result "1/2-1/2"]
[WhiteElo "2287"]
[BlackElo "2381"]
[PlyCount "107"]

1. d4 Nf6 2. c4 g6 3. f3 d6 4. e4 Bg7 5. Nc3 Nc6 6. Be3 a6 7. Qd2 Rb8 8. Nge2
b5 9. Ng3 b4 10. Nce2 h5 11. h4 O-O 12. O-O-O Na5 13. Nf4 Qe8 14. Nd5 Nxd5 15.
cxd5 Kh7 16. Kb1 e5 17. dxe5 dxe5 18. Rc1 c6 19. dxc6 Nxc6 20. Qd6 Bd7 21. Bxa6
Nd4 22. Rc7 Be6 23. b3 Ra8 24. Bc4 Bxc4 25. Rxc4 Nb5 26. Qxb4 Na3+ 27. Kb2
Nxc4+ 28. Qxc4 Qd7 29. Rc1 Rfb8 30. Rc2 Bf8 31. Qc7 Qe6 32. Qc4 Ba3+ 33. Kb1
Qxc4 34. Rxc4 Rd8 35. Kc2 Be7 36. a4 Bxh4 37. Ne2 Be1 38. Nc3 Bxc3 39. Kxc3 f5
40. a5 Rxa5 41. Bb6 Raa8 42. Bxd8 Rxd8 43. b4 Kh6 44. b5 Kg5 45. b6 Rb8 46. Rb4
fxe4 47. fxe4 Kf4 48. Kd3 Kg3 49. Rb2 h4 50. Kc4 Kf4 51. Kd5 g5 52. Rf2+ Kg3
53. Rb2 Kf4 54. Rf2+ 1/2-1/2

[Event "Elit(Vasteras-Burgsvik)"]
[Site "?"]
[Date "2014.01.19"]
[Round "6"]
[White "Fries Nielsen, Niels J"]
[Black "Akesson, Ralf"]
[Result "0-1"]
[WhiteElo "2411"]
[BlackElo "2438"]
[PlyCount "114"]

1. Nf3 c5 2. g3 b5 3. Bg2 Bb7 4. O-O Nf6 5. c3 e6 6. d4 Na6 7. Bf4 Be7 8. a4 b4
9. dxc5 Bxc5 10. Bd6 Bxd6 11. Qxd6 Qe7 12. Qd4 O-O 13. Nbd2 bxc3 14. bxc3 Nc5
15. Rfb1 d6 16. Nh4 Bxg2 17. Nxg2 Rac8 18. Ne3 d5 19. Qe5 Qc7 20. Qxc7 Rxc7 21.
f3 g6 22. a5 Rfc8 23. Kf2 Na6 24. c4 dxc4 25. Ndxc4 Rxc4 26. Nxc4 Rxc4 27. Rb7
Rc7 28. Rxc7 Nxc7 29. Rc1 Nfe8 30. e4 Kf8 31. Ke3 Ke7 32. h4 e5 33. f4 Kd6 34.
Rd1+ Ke6 35. Rc1 h5 36. Rc6+ Kd7 37. Rc5 Nd6 38. fxe5 Nb7 39. Rc1 Nxa5 40. g4
hxg4 41. Kf4 Ne6+ 42. Kxg4 Nc6 43. h5 Nxe5+ 44. Kh4 gxh5 45. Kxh5 a5 46. Ra1
Nc6 47. Kg4 Ned4 48. Kf4 Kd6 49. Rh1 Nc2 50. Rh6+ Kc5 51. Rh5+ Kb4 52. Kf5 a4
53. Kf6 a3 54. Kxf7 a2 55. Rh1 Ne5+ 56. Kf6 Nd3 57. Rd1 Nf2 0-1

[Event "Elit(Vasteras-Burgsvik)"]
[Site "?"]
[Date "2014.01.19"]
[Round "6"]
[White "Sjodahl, Pontus"]
[Black "Andersson, Tommy"]
[Result "1-0"]
[WhiteElo "2488"]
[BlackElo "2416"]
[PlyCount "77"]

1. d4 d5 2. c4 c6 3. Nf3 e6 4. Qc2 Nf6 5. g3 Be7 6. Bg2 O-O 7. O-O b6 8. Nbd2
Nbd7 9. e4 dxe4 10. Nxe4 Nxe4 11. Qxe4 Bb7 12. Rd1 Qc8 13. Bf4 a5 14. Qc2 a4
15. Ng5 Nf6 16. Be5 g6 17. h4 Ra5 18. Qc3 Ne8 19. Ne4 f6 20. Bf4 c5 21. d5 Qd7
22. Bh6 Rf7 23. dxe6 Qxe6 24. Ng5 fxg5 25. Bxb7 Bf6 26. Bd5 Qxd5 27. Rxd5 Bxc3
28. bxc3 gxh4 29. Rd8 Re7 30. gxh4 Raa7 31. Rad1 Kf7 32. R1d3 Ng7 33. Kf1 Nf5
34. Rf8+ Ke6 35. Bg5 Red7 36. Rf6+ Ke5 37. Ke2 Re7 38. Rd5+ Ke4 39. f3# 1-0

[Event "Elit(Vasteras-Burgsvik)"]
[Site "?"]
[Date "2014.01.19"]
[Round "6"]
[White "Fries Nielsen, Jens Ove"]
[Black "Norberg, Johan"]
[Result "0-1"]
[WhiteElo "2486"]
[BlackElo "2365"]
[PlyCount "80"]

1. e4 g6 2. Bc4 Bg7 3. d3 c5 4. f4 Nc6 5. Nf3 e6 6. O-O d5 7. Bb3 Nge7 8. e5 f6
9. exf6 Bxf6 10. c3 O-O 11. Kh1 Qd6 12. Na3 Bd7 13. d4 a6 14. dxc5 Qxc5 15. Nc2
Na5 16. Be3 Qc7 17. Ncd4 Rae8 18. Bc2 Nc4 19. Bc1 Nf5 20. Nxf5 gxf5 21. Ng5 h6
22. Nf3 Rf7 23. Nd4 Nd6 24. Rf3 Rh7 25. Rg3+ Kh8 26. Rg6 Bg7 27. Nf3 Ne4 28.
Be3 Re7 29. Nh4 Be8 30. g4 d4 31. cxd4 Bf6 32. Bxe4 Bxh4 33. d5 Bxg6 34. d6 Qc4
35. Bd4+ e5 36. fxe5 fxe4 37. e6+ Kg8 38. Rc1 Qxe6 39. dxe7 e3 40. Qb3 Rxe7 0-1

[Event "Elit(Vasteras-Burgsvik)"]
[Site "?"]
[Date "2014.01.19"]
[Round "6"]
[White "Eriksson, Anders"]
[Black "Larsson, Victor"]
[Result "1-0"]
[WhiteElo "2352"]
[BlackElo "2249"]
[PlyCount "99"]

1. Nf3 d5 2. g3 Nf6 3. Bg2 e6 4. d4 Be7 5. O-O O-O 6. c4 dxc4 7. Qc2 a6 8. Qxc4
b5 9. Qc2 Bb7 10. Bd2 Be4 11. Qc1 Bd6 12. Bg5 Nbd7 13. Nbd2 Bb7 14. Nb3 Qe7 15.
Na5 Bd5 16. Nc6 Qe8 17. Nd2 Bxg2 18. Kxg2 e5 19. Bxf6 Nxf6 20. Nf3 exd4 21.
Nfxd4 Ng4 22. Qc2 Ne5 23. a4 Nxc6 24. Nxc6 Qe6 25. e4 Rae8 26. f3 f5 27. Nd4
Qf6 28. Nxf5 Be5 29. axb5 axb5 30. Rf2 g6 31. Nh6+ Kg7 32. Ng4 Qb6 33. Nxe5
Rxe5 34. Qc3 Rfe8 35. b4 Kh6 36. Rc1 R8e7 37. h4 Qe6 38. Qe3+ Kg7 39. Rfc2 Qd6
40. Qc3 Kh6 41. Qd2+ Qxd2+ 42. Rxd2 g5 43. Rc6+ Kg7 44. hxg5 Rxg5 45. Rdc2 h5
46. Rxc7 Kf6 47. f4 Rg4 48. R2c6+ Kf7 49. Rxe7+ Kxe7 50. Rh6 1-0

[Event "Elit(Vasteras-Burgsvik)"]
[Site "?"]
[Date "2014.01.19"]
[Round "6"]
[White "Andersson, Bjorn"]
[Black "Bergstrom, Peter"]
[Result "0-1"]
[WhiteElo "2290"]
[BlackElo "2332"]
[PlyCount "38"]

1. e4 c6 2. d4 d5 3. e5 Bf5 4. Nc3 e6 5. g4 Bg6 6. Nge2 c5 7. h4 h5 8. Nf4 Bh7
9. Nxh5 Nc6 10. Bb5 Nge7 11. dxc5 d4 12. Bxc6+ Nxc6 13. Na4 Nb4 14. O-O Bxc2
15. Qf3 Bxa4 16. Qa3 Bc6 17. Qxb4 Qxh4 18. f3 O-O-O 19. Bf4 Rxh5 0-1